000 01266pam a2200361 a 4500
001 3179
003 FISKH
005 20240215153801.0
008 950919s1996 nyua j 000 1 eng
010 _a 95042923
020 _a0812096630
020 _a9780590187510
040 _aDLC
_cDLC
_dDLC
_beng
042 _alcac
050 0 0 _aPZ7.D2193
_bPu 1996
082 0 0 _a[Fic]
_220
100 1 _aDaniels, Lucy.
245 1 0 _aPuppies in the pantry /
_cLucy Daniels ; illustrations by Shelagh McNicholas.
260 _aNew York :
_bScholastic,
_c1994.
300 _a133 pages :
_billustrations ;
_c20 cm
490 1 _aAnimal Ark series ;
_vBook 3
500 _a"First published in Great Britain in 1994"--verso t.p.
505 _aM
520 _aTwelve-year-old Mandy and her veterinarian parents find themselves involved in the filming of a murder mystery in their village when the canine star of the film runs away.
521 8 _a540
_bLexile
521 8 _aM
_bRaz-Plus
650 1 _aVeterinarians
_xFiction.
650 1 _aDogs
_xFiction.
650 1 _aMotion pictures
_xProduction and direction
_xFiction.
700 1 _aMcNicholas, Shelagh,
_eillustrator
906 _a7
_bcbc
_corignew
_d1
_eocip
_f19
_gy-gencatlg
942 _2ddc
_cBK
_n0
999 _c3179
_d3179